| 000 | 00634nam a22001817a 4500 | ||
|---|---|---|---|
| 020 | _a978-969-35-2989-0 | ||
| 082 |
_a891.4394 _bSAD |
||
| 100 | _aDr. Sadaf Bukhari | ||
| 245 | _aMunir Niazi: Ek Tanqeedi Mutala/ | ||
| 260 |
_aLahore: _bSang-e-Meel Publications, _c2016. |
||
| 300 |
_a286 p. _c24cm. |
||
| 563 | _aHB. | ||
| 650 |
_aUrdu Literature - Criticism - Essays. _9129765 |
||
| 880 |
_6100-01\(3\r _a ڈاکڑ صدف بخاری |
||
| 880 |
_6245-02\(03\r _aمنیر نیازی: ایک تنقیدی مطالحہ |
||
| 880 |
_6260-03\(03\r _aلاہور: _b سنگِ میل پبلیکیشنز _c2016 |
||
| 942 |
_2ddc _cBK |
||
| 999 |
_c614308 _d614308 |
||